| 000 | 00551nam a2200229Ia 4500 | ||
|---|---|---|---|
| 005 | 20251020182443.0 | ||
| 008 | 200515s9999 xx 000 0 und d | ||
| 020 | _a84-8390-969-3 | ||
| 082 | _a53/P52/1 | ||
| 100 | _aPiaggio Henderson, Miguel | ||
| 245 | 0 | _aFISICA con ejercicios. Volumen 1 | |
| 250 | _a2a ed. | ||
| 260 | _aLima | ||
| 260 | _bPontificia Universidad Católica del Perú | ||
| 260 | _c1994 | ||
| 300 | _a345 p. | ||
| 300 | _bgraf. | ||
| 500 | _a1 ejemplar. Volumen 1 | ||
| 650 | _aFISICA | ||
| 942 | _cLIB | ||
| 999 |
_c614 _d614 |
||